000 00241nam a2200109Ia 4500
008 190216s9999||||xx |||||||||||||| ||und||
100 _aBalamani Amma
245 0 _aKalikotta
260 _bVanneri Book Depo
650 _aKavitha
942 _cBK
999 _c24170
_d24170